000 00733nam a2200229 i 4500
001 C2-0244859
003 PPAK
005 20180727210018.0
008 030126s1975 my |||| ||||| | eng d
040 _aPPAK
_beng
_cPPAK
_erda
082 0 4 _a351.7244
_223
090 0 0 _a351.7244
_bMAL
_dKK
110 2 _aJabatan Hasil Dalam Negeri
245 0 0 _aLapuran Tahunan Jabatan Hasil Dalam Negeri
_bAnnual Report of the Department of Inland Revenue 1972
264 1 _a[Kuala Lumpur] :
_bJabatan Hasil Dalam Negeri Malaysia ,
_c1975
300 _a85 pages ;
_c25 cm
336 _2rdacontent
_atext
337 _2rdamedia
_aunmediated
338 _2rdacarrier
_avolume
710 2 _aJabatan Hasil Dalam Negeri
_eorganizer
942 _ddc
_cB
999 _c59030
_d59030